[Event "PRO League Group Stage"]
[Site "chess.com INT"]
[Date "2018.02.03"]
[Round "4"]
[White "Pichot, Alan"]
[Black "Gabuzyan, Hovhannes"]
[Result "0-1"]
[WhiteTitle "GM"]
[BlackTitle "GM"]
[WhiteElo "2552"]
[BlackElo "2571"]
[WhiteTeam "Buenos Aires Krakens"]
[BlackTeam "Rio Grande Ospreys"]
[WhiteFideId "110973"]
[BlackFideId "13303732"]
[EventDate "2018.01.18"]

1. e4 c5 2. Nf3 d6 3. d4 cxd4 4. Nxd4 Nf6 5. Nc3 a6 6. Bg5 e6 7. f4 Nbd7 8. Qe2
Qc7 9. O-O-O Be7 10. g4 b5 11. a3 Bb7 12. f5 e5 13. Bxf6 Nxf6 14. Nb3 h6 15. h4
Rc8 16. Rh3 h5 17. g5 Ng4 18. Nd5 Bxd5 19. exd5 Qb6 20. Rf3 f6 21. g6 Bd8 22.
Nd2 Ke7 23. Ne4 Qa7 24. Qe1 Bb6 25. Rdd3 a5 26. Bh3 b4 27. Rb3 Rc4 28. Bf1 Rd4
29. c4 Rc8 30. Kb1 Nh2 31. axb4 Nxf3 32. Rxf3 axb4 33. Nd2 Rg4 34. Nb3 Ra8 35.
Kc2 Bd4 36. Bh3 Rg1 37. Qxb4 Rb8 38. Qa3 Qxa3 39. bxa3 e4 40. Rf1 Rxb3 0-1

[Event "PRO League Group Stage"]
[Site "chess.com INT"]
[Date "2018.02.03"]
[Round "4"]
[White "Gurevich, Daniel"]
[Black "Holt, Conrad"]
[Result "1-0"]
[WhiteTitle "IM"]
[BlackTitle "GM"]
[WhiteElo "2483"]
[BlackElo "2578"]
[WhiteTeam "Minnesota Blizzard"]
[BlackTeam "Dallas Destiny"]
[WhiteFideId "2044676"]
[BlackFideId "2034387"]
[EventDate "2018.01.18"]

1. Nf3 d5 2. d4 Nf6 3. Bf4 c5 4. e3 Nc6 5. Nbd2 cxd4 6. exd4 Bg4 7. c3 e6 8. Qb3
Qc8 9. Bd3 Be7 10. O-O O-O 11. Ne5 Bh5 12. Qc2 Kh8 13. Rfe1 Nxe5 14. Bxe5 Bg6
15. Bxg6 hxg6 16. a4 Ng4 17. Bg3 Nh6 18. Nf3 g5 19. Qd2 Qd8 20. Ne5 Nf5 21. f4
g6 22. fxg5 Nxg3 23. hxg3 Bxg5 24. Qd3 Kg7 25. Rf1 f5 26. Rae1 Qc7 27. g4 Rh8
28. gxf5 exf5 29. Rxf5 gxf5 30. Qxf5 Rh6 31. Qxg5+ Kh7 32. Ng4 1-0

[Event "PRO League Group Stage"]
[Site "chess.com INT"]
[Date "2018.02.03"]
[Round "4"]
[White "Gurevich, Daniel"]
[Black "Friedel, Joshua"]
[Result "1-0"]
[WhiteTitle "IM"]
[BlackTitle "GM"]
[WhiteElo "2483"]
[BlackElo "2562"]
[WhiteTeam "Minnesota Blizzard"]
[BlackTeam "Las Vegas Desert Rats"]
[WhiteFideId "2044676"]
[BlackFideId "2017199"]
[EventDate "2018.01.18"]

1. Nf3 Nf6 2. d4 e6 3. Bf4 b6 4. e3 Bb7 5. Nbd2 Be7 6. h3 O-O 7. Bd3 c5 8. c3
cxd4 9. exd4 d6 10. O-O Nbd7 11. Re1 Re8 12. Qc2 Bf8 13. Rad1 Qc7 14. Ng5 h6 15.
Nge4 Nd5 16. Bh2 f5 17. Ng3 N7f6 18. Ne2 Bc6 19. Qb3 Qb7 20. c4 Nc7 21. d5 exd5
22. Nd4 dxc4 23. Bxc4+ d5 24. Bd3 Ne4 25. Nxe4 fxe4 26. Bxe4 Rxe4 27. Rxe4 Ba4
28. Qxa4 dxe4 29. Qc4+ Nd5 30. Nc6 Kh8 31. Qxd5 Rc8 32. Nb4 Qe7 33. Bd6 Qxd6 34.
Qxd6 Bxd6 35. Rxd6 Rc4 36. a3 a5 37. Nd5 b5 38. Ne3 Rc1+ 39. Rd1 1-0

[Event "PRO League Group Stage"]
[Site "chess.com INT"]
[Date "2018.02.03"]
[Round "4"]
[White "Pichot, Alan"]
[Black "Yu, Yangyi"]
[Result "1/2-1/2"]
[WhiteTitle "GM"]
[BlackTitle "GM"]
[WhiteElo "2552"]
[BlackElo "2760"]
[WhiteTeam "Buenos Aires Krakens"]
[BlackTeam "Chengdu Pandas"]
[WhiteFideId "110973"]
[BlackFideId "8603820"]
[EventDate "2018.01.18"]

1. e4 e5 2. Nf3 Nc6 3. Bb5 a6 4. Ba4 Nf6 5. O-O Bc5 6. c3 b5 7. Bc2 d5 8. a4
dxe4 9. axb5 exf3 10. Qxf3 e4 11. Bxe4 Ne5 12. Qe2 O-O 13. d4 Bg4 14. Qc2 Nxe4
15. Qxe4 Nf3+ 16. gxf3 Bh3 17. dxc5 Bxf1 18. Kxf1 Qd1+ 19. Qe1 Qxf3 20. Be3 axb5
21. Rxa8 Rxa8 22. Nd2 Qh1+ 23. Ke2 Qxh2 24. Nf3 Qh3 25. Qd1 Qe6 26. Qd3 Qb3 27.
Ng5 Qc4 28. Qxc4 bxc4 29. Nf3 Ra2 30. Ne5 Rxb2+ 31. Kf3 Rb3 32. Bd4 f6 33. Nxc4
Kf7 34. Ne3 Ke6 35. Ke4 Rb1 36. Ng2 g5 37. Ne3 Re1 38. f4 f5+ 39. Kf3 g4+ 40.
Kf2 Rh1 41. Be5 c6 42. Kg2 Rc1 43. Kg3 h5 44. c4 Rg1+ 45. Kf2 Rh1 46. Kg2 Rc1
47. Kg3 Rg1+ 48. Kf2 Rh1 49. Kg2 Re1 50. Kf2 Rc1 51. Kg3 1/2-1/2

[Event "PRO League Group Stage"]
[Site "chess.com INT"]
[Date "2018.02.03"]
[Round "4"]
[White "Gurevich, Daniel"]
[Black "Mamedov, Rauf"]
[Result "1-0"]
[WhiteTitle "IM"]
[BlackTitle "GM"]
[WhiteElo "2483"]
[BlackElo "2709"]
[WhiteTeam "Minnesota Blizzard"]
[BlackTeam "San Jose Hackers"]
[WhiteFideId "2044676"]
[BlackFideId "13401653"]
[EventDate "2018.01.18"]

1. Nf3 g6 2. c4 Bg7 3. Nc3 Nf6 4. e4 d6 5. d4 O-O 6. Be2 e5 7. O-O c6 8. Qc2
Nbd7 9. Rd1 Qe7 10. Be3 Re8 11. d5 c5 12. Nd2 Nf8 13. a3 Ng4 14. Bxg4 Bxg4 15.
f3 Bd7 16. b4 b6 17. Nb3 f5 18. bxc5 bxc5 19. Na5 f4 20. Bf2 Rec8 21. Rab1 g5
22. Rb7 g4 23. fxg4 Qg5 24. Nc6 Bxg4 25. Ne7+ Kh8 26. h4 Qh5 27. Nxc8 Bxc8 28.
Rdb1 Bxb7 29. Rxb7 Ng6 30. Qe2 Qh6 31. Nb5 Rf8 32. Qf3 Nxh4 33. Qh3 Bf6 34. Nxd6
f3 35. Nf7+ Rxf7 36. Rxf7 Kg8 37. Rxf6 1-0

[Event "PRO League Group Stage"]
[Site "chess.com INT"]
[Date "2018.02.03"]
[Round "4"]
[White "Xu, Xiangyu"]
[Black "Shetty, Atulya"]
[Result "1-0"]
[WhiteTitle "GM"]
[BlackTitle "IM"]
[WhiteElo "2545"]
[BlackElo "2389"]
[WhiteTeam "Chengdu Pandas"]
[BlackTeam "Pittsburgh Pawngrabbers"]
[WhiteFideId "8608288"]
[BlackFideId "2031213"]
[EventDate "2018.01.18"]

1. d4 d5 2. c4 c6 3. cxd5 cxd5 4. Bf4 Nf6 5. e3 Nc6 6. Nc3 a6 7. Bd3 Bg4 8. Nge2
e6 9. Qb3 Ra7 10. Ng3 Bd6 11. Bxd6 Qxd6 12. h3 Bh5 13. Nxh5 Nxh5 14. O-O O-O 15.
Na4 b5 16. Nc3 Rc8 17. Rfc1 Rac7 18. Bxb5 Na5 19. Qa4 axb5 20. Qxa5 b4 21. Ne2
g6 22. a3 b3 23. Rxc7 Rxc7 24. Rc1 Rc4 25. Qb5 Qc7 26. Rc3 Nf6 27. Qxb3 Ne4 28.
Rxc4 dxc4 29. Qc2 Nd6 30. b3 Nb5 31. Qxc4 Qa5 32. Qb4 Qa6 33. a4 Nd6 34. Qd2 Ne4
35. Qc2 Nf6 36. Nc3 Qc6 37. Qd3 Qb6 38. Qc4 h5 39. b4 g5 40. a5 Qb8 41. Qb5 1-0

[Event "PRO League Group Stage"]
[Site "chess.com INT"]
[Date "2018.02.03"]
[Round "4"]
[White "Gurevich, Daniel"]
[Black "Sarana, Alexey"]
[Result "0-1"]
[WhiteTitle "IM"]
[BlackTitle "GM"]
[WhiteElo "2483"]
[BlackElo "2562"]
[WhiteTeam "Minnesota Blizzard"]
[BlackTeam "Australia Kangaroos"]
[WhiteFideId "2044676"]
[BlackFideId "24133795"]
[EventDate "2018.01.18"]

1. d4 Nf6 2. Nf3 d5 3. Bf4 c5 4. e3 Nc6 5. Nbd2 e6 6. c3 Bd6 7. Bg3 O-O 8. Bd3
Qe7 9. Ne5 Nd7 10. Nxd7 Qxd7 11. dxc5 Bxc5 12. e4 d4 13. Nb3 Bb6 14. c4 e5 15.
O-O Qe7 16. Rc1 Be6 17. Kh1 a5 18. a3 f6 19. Nd2 Bc5 20. Nb3 Bd6 21. c5 Bc7 22.
Nd2 Kh8 23. Qa4 Rfb8 24. Bc4 Bd7 25. Bb5 Be8 26. Nc4 Na7 27. Bxe8 Qxe8 28. Qb3
a4 29. Qd3 Nc6 30. f4 Rd8 31. fxe5 Bxe5 32. Nd6 Bxd6 33. cxd6 Ra5 34. Rf5 Rxf5
35. exf5 Qf7 36. Re1 Qd5 37. Qe4 Qxe4 38. Rxe4 Kg8 39. Kg1 Kf7 40. Kf1 Ra8 41.
Bf2 Ra5 42. g4 Rd5 43. Bg3 g6 44. fxg6+ hxg6 45. Ke2 Ne5 46. h4 d3+ 47. Kd2 b5
48. h5 Nc4+ 49. Kd1 Nxb2+ 50. Kd2 Nc4+ 51. Kd1 d2 52. Rxc4 bxc4 53. h6 c3 0-1

[Event "PRO League Group Stage"]
[Site "chess.com INT"]
[Date "2018.02.03"]
[Round "4"]
[White "Le, Tuan Minh"]
[Black "Petrosian, Tigran L."]
[Result "1/2-1/2"]
[WhiteTitle "IM"]
[BlackTitle "GM"]
[WhiteElo "2485"]
[BlackElo "2606"]
[WhiteTeam "Pittsburgh Pawngrabbers"]
[BlackTeam "Seattle Sluggers"]
[WhiteFideId "12401153"]
[BlackFideId "13301616"]
[EventDate "2018.01.18"]

1. d4 d6 2. Nf3 Bg4 3. e4 Nf6 4. Nc3 e6 5. h3 Bh5 6. Be3 Be7 7. Be2 c6 8. O-O d5
9. Nd2 Bg6 10. Bd3 dxe4 11. Ncxe4 Nd5 12. a3 O-O 13. Nf3 Nxe3 14. fxe3 Nd7 15.
Qd2 c5 16. Nc3 Qc7 17. d5 Bxd3 18. Qxd3 Rad8 19. dxe6 fxe6 20. Qe4 Qc6 21. Qxc6
bxc6 22. Ne4 Rb8 23. Rab1 c4 24. Nd4 Rxf1+ 25. Kxf1 Ne5 26. Nxe6 a5 27. Nc3 Kf7
28. Nd4 g6 29. Ke2 Ke8 30. a4 Kd7 31. b3 Kc7 32. Ne4 Kd7 33. Nd2 Kc7 34. N4f3
Nxf3 35. gxf3 cxb3 36. cxb3 Rf8 37. Nc4 Rf5 38. f4 Rh5 39. Rh1 Bf6 40. Kf3 Rd5
41. Ke2 Rh5 42. e4 Bd4 43. Kf3 Bc3 44. e5 Rf5 45. Ke4 Rh5 46. Kf3 Rf5 47. Ke4
Rh5 48. Nd6 Rh4 49. Ne8+ Kd8 50. Nf6 Ke7 51. Rd1 g5 52. Rd7+ Ke6 53. Rd6+ Ke7
54. Rxc6 Rxf4+ 55. Kd5 Bb2 56. Rc7+ Kd8 57. Rd7+ Kc8 58. Rxh7 Rf3 59. Ne4 Rd3+
60. Kc4 Rd4+ 61. Kb5 Rxe4 62. Kxa5 Rxe5+ 63. Kb6 Bd4+ 64. Kc6 Rc5+ 65. Kd6 Rc3
66. Kd5 Be3 67. b4 Bf4 68. a5 Rb3 69. Kc4 Rb1 70. a6 Be3 71. Kb5 Ra1 72. Re7 Ra3
73. Rg7 Kb8 74. Rg8+ Kc7 75. Rg7+ Kd6 76. Kc4 Ra1 77. Kb5 Ke6 78. Rg8 Kf6 79.
Re8 Bg1 80. Rf8+ Kg6 81. Rf3 Kh5 82. Rd3 Kh4 83. Rf3 Re1 84. Kc6 Re6+ 85. Kb5
Re5+ 86. Kc6 Re6+ 87. Kb5 Re3 88. Rf1 Re5+ 89. Kc6 Re6+ 90. Kb5 Bd4 91. Rd1 Bf2
92. Rd2 Be3 93. Rd3 Bg1 94. Rd1 Bf2 95. Rd2 Ba7 96. Rd7 Be3 97. Rh7+ Kg3 98. a7
Bxa7 99. Rxa7 Kxh3 100. Rg7 g4 101. Kc5 g3 102. b5 g2 103. b6 Re5+ 104. Kc6 Re6+
105. Kc5 Kh2 106. Rxg2+ Kxg2 107. b7 Re8 108. Kd6 Rb8 109. Kc7 Rxb7+ 110. Kxb7 1/2-1/2

[Event "PRO League Group Stage"]
[Site "chess.com INT"]
[Date "2018.02.03"]
[Round "4"]
[White "Checa, Nicolas"]
[Black "Ravuri, Vinesh"]
[Result "0-1"]
[WhiteTitle "IM"]
[WhiteElo "2486"]
[BlackElo "1990"]
[WhiteTeam "Montclair Sopranos"]
[BlackTeam "San Jose Hackers"]
[WhiteFideId "2069342"]
[BlackFideId "45042632"]
[EventDate "2018.01.18"]

1. d4 Nf6 2. c4 g6 3. Nc3 Bg7 4. e4 d6 5. Nf3 O-O 6. Be2 e5 7. O-O Nc6 8. d5 Ne7
9. b4 Nh5 10. c5 f5 11. Ng5 Nf4 12. Bc4 fxe4 13. Ngxe4 Nf5 14. Be3 Nh4 15. Bxf4
exf4 16. Kh1 f3 17. g3 Bh3 18. Re1 Ng2 19. Rg1 Qd7 20. Rc1 Rae8 21. Ng5 Bh6 22.
Nce4 Bf5 23. Bd3 Bxe4 24. Nxe4 Bxc1 25. Qxc1 Qg4 26. cxd6 cxd6 27. Nxd6 Re5 28.
Bf1 Qh3 29. Bxg2 fxg2+ 30. Rxg2 Qd7 31. Nc4 Rxd5 32. Ne3 Rd4 33. Qc3 Rc8 34.
Qb3+ Kh8 35. Qb2 Kg8 36. Qb3+ Kf8 37. Qb2 Rd8 38. Qc3 Rc8 39. Qb2 Rd8 40. Qb3
Qc6 41. h4 Rd3 42. Qb2 Qc3 43. Qe2 Qf6 44. Ng4 Qf5 45. Kh2 Rd2 46. Qc4 R2d4 47.
Qc7 Qxg4 48. Qxh7 Qd7 49. Qh8+ Kf7 50. Qh7+ Kf6 51. Qh6 Qd5 52. Qe3 Qe4 53. Qg5+
Kg7 54. b5 R4d5 55. Qc1 Rf8 56. Qc7+ Rf7 57. Qc3+ Qd4 58. Qb3 Qc5 59. Qb2+ Qd4
60. Qb3 Rxf2 61. Rxf2 Qxf2+ 62. Kh3 Qf5+ 63. Kg2 Rd2+ 0-1

[Event "PRO League Group Stage"]
[Site "chess.com INT"]
[Date "2018.02.04"]
[Round "4"]
[White "Plat, Vojtech"]
[Black "Fontaine, Robert"]
[Result "1-0"]
[WhiteTitle "GM"]
[BlackTitle "GM"]
[WhiteElo "2569"]
[BlackElo "2563"]
[WhiteTeam "Riga Magicians"]
[BlackTeam "Cannes Blockbusters"]
[WhiteFideId "325740"]
[BlackFideId "605590"]
[EventDate "2018.01.18"]

1. e4 c6 2. d4 d5 3. Nd2 dxe4 4. Nxe4 Bf5 5. Ng3 Bg6 6. h4 h6 7. Nf3 Nd7 8. h5
Bh7 9. Bd3 Bxd3 10. Qxd3 e6 11. Bd2 Ngf6 12. O-O-O Qc7 13. Kb1 O-O-O 14. Ne4
Nxe4 15. Qxe4 Bd6 16. c4 Nf6 17. Qc2 c5 18. d5 exd5 19. cxd5 Kb8 20. Bc3 Rhe8
21. Bxf6 gxf6 22. Rhe1 Qd7 23. Nh4 Rxe1 24. Rxe1 Qg4 25. Nf5 Bf8 26. Qe4 Qxe4+
27. Rxe4 Rxd5 28. Re8+ Kc7 29. g4 Rd8 30. Rxd8 Kxd8 31. Kc2 Kd7 32. Kd3 b5 33.
b3 Ke6 34. Ke4 a5 35. Ne3 Bd6 36. f4 Kd7 37. Nd5 Be7 38. Nc3 Kc6 39. a4 bxa4 40.
bxa4 Bd8 41. Nd5 f5+ 42. gxf5 c4 43. Kd4 c3 44. Ne3 Bf6+ 45. Kc4 Bg7 46. Kb3 Kc5
47. Ng4 Kd4 48. f6 Bxf6 49. Nxf6 Kd3 50. f5 c2 51. Kb2 Kd2 52. Ne4+ Kd1 53. Nc3+
Kd2 54. Na2 Kd3 55. Nc1+ Kc4 56. Kxc2 Kb4 57. Nd3+ Kxa4 58. Ne5 f6 59. Ng4 Kb5
60. Nxh6 Kc6 61. Ng4 Kd7 62. h6 1-0

[Event "PRO League Group Stage"]
[Site "chess.com INT"]
[Date "2018.02.04"]
[Round "4"]
[White "Stefansson, Hannes"]
[Black "Andriasian, Zaven"]
[Result "0-1"]
[WhiteTitle "GM"]
[BlackTitle "GM"]
[WhiteElo "2523"]
[BlackElo "2585"]
[WhiteTeam "Reykjavik Puffins"]
[BlackTeam "Armenia Eagles"]
[WhiteFideId "2300087"]
[BlackFideId "13302000"]
[EventDate "2018.01.18"]

1. e4 d6 2. d4 Nf6 3. Nc3 g6 4. Be3 Bg7 5. Nf3 c6 6. h3 b5 7. e5 Nfd7 8. exd6
exd6 9. a4 bxa4 10. Ne4 Qe7 11. Ned2 Nb6 12. Bd3 Nd5 13. O-O Nxe3 14. fxe3 Qxe3+
15. Kh1 O-O 16. Nc4 Qf4 17. c3 Qg3 18. Qe1 Qxe1 19. Rfxe1 Ba6 20. Bf1 Bxc4 21.
Bxc4 Nd7 22. Re7 Nb6 23. Ba6 c5 24. Rd1 Rfe8 25. Rb7 Rab8 26. Rxa7 Ra8 27. Rxa8
Rxa8 28. Bb5 cxd4 29. Nxd4 a3 30. bxa3 Rxa3 31. c4 Be5 32. Nc6 Bg3 33. Ne7+ Kg7
34. Nd5 Nxd5 35. cxd5 h5 36. Be2 h4 37. Kg1 f5 38. Bf3 Kf6 39. Rf1 Ke5 40. Kh1
g5 41. Kg1 Ra4 42. Rd1 Ra2 43. Bh5 Bf2+ 44. Kh1 Rb2 45. Bg6 g4 46. hxg4 fxg4 47.
Bh5 Kf4 48. Ra1 Kg5 49. Bf7 Bd4 50. Rd1 Be5 51. Be6 Bf4 52. Re1 Bg3 53. Rf1 Bf2
54. Ra1 Bc5 55. Rf1 h3 56. g3 Bf2 0-1

[Event "PRO League Group Stage"]
[Site "chess.com INT"]
[Date "2018.02.04"]
[Round "4"]
[White "Stefansson, Hannes"]
[Black "Vaibhav, Suri"]
[Result "1-0"]
[WhiteTitle "GM"]
[BlackTitle "GM"]
[WhiteElo "2523"]
[BlackElo "2542"]
[WhiteTeam "Reykjavik Puffins"]
[BlackTeam "Delhi Dynamite"]
[WhiteFideId "2300087"]
[BlackFideId "5045185"]
[EventDate "2018.01.18"]

1. e4 c5 2. Nf3 e6 3. d4 cxd4 4. Nxd4 Nc6 5. Nc3 Qc7 6. a3 a6 7. Be3 Be7 8. f4
d6 9. Qf3 Nf6 10. O-O-O Bd7 11. g4 Nxd4 12. Rxd4 Bc6 13. g5 Nd7 14. h4 h6 15.
Bh3 hxg5 16. hxg5 g6 17. Qd1 Nc5 18. Bg4 Rxh1 19. Qxh1 Bf8 20. Qh7 Rc8 21. f5 e5
22. fxg6 exd4 23. gxf7+ Kd8 24. Bxd4 Nd7 25. g6 Bxe4 26. Qh4+ Be7 27. g7 Qc4 28.
f8=Q+ Kc7 29. Qhxe7 1-0

[Event "PRO League Group Stage"]
[Site "chess.com INT"]
[Date "2018.02.04"]
[Round "4"]
[White "Stokke, Kjetil"]
[Black "Skuhala, Luka"]
[Result "1-0"]
[WhiteTitle "IM"]
[WhiteElo "2336"]
[BlackElo "2059"]
[WhiteTeam "Oslo Trolls"]
[BlackTeam "Ljubljana Turtles"]
[WhiteFideId "1502964"]
[BlackFideId "14605678"]
[EventDate "2018.01.18"]

1. c4 Nf6 2. g3 e6 3. Bg2 d5 4. Nf3 Be7 5. O-O O-O 6. d4 dxc4 7. Ne5 Nc6 8. Nxc6
bxc6 9. Na3 Bxa3 10. bxa3 Rb8 11. Qa4 Qxd4 12. Be3 Qg4 13. Qxa7 Bd7 14. Bf3 Qh3
15. Qd4 Nd5 16. Bd2 c3 17. Bxc3 Nxc3 18. Qxc3 Rb6 19. Rfd1 e5 20. Qxe5 Be6 21.
Qxc7 Ra6 22. Rd8 g6 23. Rad1 Qf5 24. Qe7 Rxd8 25. Rxd8+ Kg7 26. Qf8+ Kf6 27.
Qh8+ Ke7 28. Rd3 Qa5 29. Qxh7 Rb6 30. Qh4+ g5 31. Qd4 Rb1+ 32. Kg2 Qc7 33. Qc5+
Kf6 34. h4 gxh4 35. gxh4 Qf4 36. Qg5+ Qxg5+ 37. hxg5+ Kxg5 38. Bxc6 Bxa2 39. a4
Rb6 40. Bf3 Ra6 41. Ra3 Bc4 42. a5 Kf5 43. Bb7 Ra7 44. a6 Bxe2 45. Ra5+ Ke6 46.
Kg3 Kd6 47. Kf4 Kc7 48. Ke5 Kb6 49. Ra3 Bc4 50. Kf6 Kc5 51. f4 Kb6 52. Ra1 Bb5
53. Kxf7 Kc5 54. Kf6 Kd6 55. f5 Bc4 56. Kg7 Ke7 57. f6+ Kd8 58. Rd1+ Ke8 59. Rc1
Bxa6 60. f7+ Kd8 1-0

[Event "PRO League Group Stage"]
[Site "chess.com INT"]
[Date "2018.02.04"]
[Round "4"]
[White "Plat, Vojtech"]
[Black "Tran, Tuan Minh"]
[Result "0-1"]
[WhiteTitle "GM"]
[BlackTitle "GM"]
[WhiteElo "2569"]
[BlackElo "2548"]
[WhiteTeam "Riga Magicians"]
[BlackTeam "London Lions"]
[WhiteFideId "325740"]
[BlackFideId "12401820"]
[EventDate "2018.01.18"]

1. e4 c5 2. Nf3 d6 3. c3 Nf6 4. Bc4 e6 5. Qe2 Be7 6. d4 cxd4 7. cxd4 d5 8. Bb5+
Bd7 9. exd5 Nxd5 10. O-O O-O 11. Bd3 Nc6 12. Nc3 Ncb4 13. Be4 Rc8 14. Bd2 Bc6
15. Bb1 Nf6 16. a3 Nbd5 17. Ne5 Qb6 18. Be3 Rfd8 19. Bd3 Be8 20. Rfc1 Qa5 21.
Nxd5 Nxd5 22. Nc4 Qc7 23. Qd2 Bf6 24. b4 Qe7 25. Be4 Bc6 26. Qd3 g6 27. Na5 Be8
28. Nb3 b6 29. Qa6 Rxc1+ 30. Rxc1 Nxe3 31. fxe3 Bg5 32. Rc3 e5 33. d5 f5 34. Bf3
e4 35. Be2 Qe5 36. Qc4 Bb5 37. Qd4 Qxd4 38. Nxd4 Bxe2 39. Nxe2 Rxd5 40. Kf2 Rd7
41. Nd4 Kf7 42. Rc8 f4 43. exf4 Bxf4 44. Ne2 Bg5 45. Rc4 Re7 46. Ng3 Bh4 47. Ke3
Bg5+ 48. Ke2 e3 49. Ne4 Bf4 50. g3 Bh6 51. Nd6+ Ke6 52. Nb5 Rd7 53. Nd4+ Kd5 54.
Rc1 Rf7 55. Nf3 Ke4 56. Rc8 Re7 57. g4 Kd5 58. g5 Bg7 59. b5 Bb2 60. a4 Ba3 61.
Rd8+ Kc4 62. Rc8+ Bc5 63. Ne1 Rd7 64. Nf3 Kb4 65. Ne5 Rd2+ 66. Ke1 Kxa4 67. Rc7
Rxh2 68. Rxa7+ Kxb5 69. Nd3 Bb4+ 70. Nxb4 Kxb4 71. Re7 e2 72. Kd2 b5 73. Re4+
Ka3 74. Re8 b4 75. Kd3 Kb2 76. Kc4 b3 77. Re3 Rh4+ 78. Kd3 Rh3 0-1

[Event "PRO League Group Stage"]
[Site "chess.com INT"]
[Date "2018.02.04"]
[Round "4"]
[White "Lalith, Babu M R"]
[Black "Gunnarsson, Jon Viktor"]
[Result "1/2-1/2"]
[WhiteTitle "GM"]
[BlackTitle "IM"]
[WhiteElo "2542"]
[BlackElo "2466"]
[WhiteTeam "Delhi Dynamite"]
[BlackTeam "Reykjavik Puffins"]
[WhiteFideId "5024595"]
[BlackFideId "2300931"]
[EventDate "2018.01.18"]

1. Nf3 c5 2. c4 g6 3. e4 Nc6 4. d4 cxd4 5. Nxd4 Bg7 6. Be3 Qb6 7. Nb3 Qd8 8. Nc3
Nf6 9. Be2 O-O 10. O-O d6 11. Nd4 Nxd4 12. Bxd4 a5 13. Rc1 Be6 14. b3 Nd7 15.
Be3 Nc5 16. f3 Qb6 17. Kh1 Rfc8 18. Qc2 Qb4 19. Bd2 Qb6 20. Rb1 Qd8 21. Rfd1 h5
22. Nb5 Qf8 23. Be3 Bd7 24. Nc3 Bc6 25. Rbc1 Bh6 26. f4 e5 27. Qd2 exf4 28. Bxf4
Bxf4 29. Qxf4 Re8 30. Bf3 Rad8 31. Nd5 Bxd5 32. Rxd5 Re5 33. Rcd1 Rde8 34. Rxe5
Rxe5 35. h3 Qe7 36. Qd2 Re6 37. Qxa5 Nxe4 38. Bxe4 Rxe4 39. Qd2 Re6 40. a4 Re3
41. b4 Qe4 42. Kh2 Re2 43. Qg5 Qxc4 44. Rxd6 Re8 45. b5 Qxa4 46. Rxg6+ fxg6 47.
Qxg6+ Kf8 48. Qf6+ Kg8 49. Qg6+ Kf8 50. Qf6+ Kg8 51. Qg6+ Kf8 1/2-1/2

[Event "PRO League Group Stage"]
[Site "chess.com INT"]
[Date "2018.02.04"]
[Round "4"]
[White "Lalith, Babu M R"]
[Black "Klein, David"]
[Result "0-1"]
[WhiteTitle "GM"]
[BlackTitle "GM"]
[WhiteElo "2542"]
[BlackElo "2501"]
[WhiteTeam "Delhi Dynamite"]
[BlackTeam "Amsterdam Mosquitoes"]
[WhiteFideId "5024595"]
[BlackFideId "1003623"]
[EventDate "2018.01.18"]

1. c4 e6 2. Nf3 d5 3. d4 Nf6 4. g3 Bb4+ 5. Bd2 Be7 6. Bg2 Nbd7 7. Qc2 c6 8. O-O
b6 9. b3 Bb7 10. Bc3 dxc4 11. bxc4 c5 12. Rd1 cxd4 13. Bxd4 Qc7 14. Nc3 a6 15.
Qb2 O-O 16. Rab1 Bc5 17. Na4 Be4 18. Rbc1 Rab8 19. Bc3 Be7 20. Ne5 Bxg2 21. Kxg2
Nxe5 22. Bxe5 Qc6+ 23. Kg1 Qxa4 24. Bxb8 Rxb8 25. c5 Bxc5 26. Rd3 Re8 27. e3 h6
28. Qd2 Ne4 29. Qb2 Ng5 30. Qb3 Qe4 31. Rc4 Nh3+ 32. Kf1 Qh1+ 33. Ke2 Qxh2 0-1

[Event "PRO League Group Stage"]
[Site "chess.com INT"]
[Date "2018.02.04"]
[Round "4"]
[White "Plat, Vojtech"]
[Black "Vachier-Lagrave, Maxime"]
[Result "0-1"]
[WhiteTitle "GM"]
[BlackTitle "GM"]
[WhiteElo "2569"]
[BlackElo "2793"]
[WhiteTeam "Riga Magicians"]
[BlackTeam "Marseille Migraines"]
[WhiteFideId "325740"]
[BlackFideId "623539"]
[EventDate "2018.01.18"]

1. e4 c5 2. Nf3 d6 3. d4 cxd4 4. Qxd4 Nf6 5. e5 Nc6 6. Bb5 Qa5+ 7. Nc3 Qxb5 8.
Nxb5 Nxd4 9. Nfxd4 dxe5 10. Nc7+ Kd7 11. Nxa8 exd4 12. Bf4 Nd5 13. O-O-O Kc6 14.
Rxd4 e6 15. Rc4+ Bc5 16. b4 Nxb4 17. Nc7 b5 18. Re4 Nxa2+ 19. Kb2 Nb4 20. Ra1
Rd8 21. Kb3 Nd5 22. Nxd5 exd5 23. Re2 d4 24. Kb2 d3 25. Rd2 Bd4+ 26. c3 Bb6 27.
Be5 f6 28. Bf4 Be6 29. Re1 Bc4 30. Re7 Rd7 31. Re8 a5 32. Be3 Bc7 33. g3 a4 34.
f4 Bd6 35. Bd4 a3+ 36. Ka1 Re7 37. Rxe7 Bxe7 38. Rd1 Kd5 39. Be3 b4 40. cxb4 f5 0-1

[Event "PRO League Group Stage"]
[Site "chess.com INT"]
[Date "2018.02.04"]
[Round "4"]
[White "Stokke, Kjetil"]
[Black "Thorfinnsson, Bjorn"]
[Result "1-0"]
[WhiteTitle "IM"]
[BlackTitle "IM"]
[WhiteElo "2336"]
[BlackElo "2400"]
[WhiteTeam "Oslo Trolls"]
[BlackTeam "Reykjavik Puffins"]
[WhiteFideId "1502964"]
[BlackFideId "2300982"]
[EventDate "2018.01.18"]

1. c4 Nf6 2. Nf3 c6 3. g3 d5 4. Bg2 Bf5 5. O-O e6 6. cxd5 exd5 7. d3 h6 8. Nc3
Be7 9. Nh4 Bh7 10. e4 dxe4 11. dxe4 O-O 12. Nf5 Bc5 13. Bf4 Na6 14. a3 Re8 15.
Qc2 Bf8 16. Rad1 Qa5 17. Rfe1 Rad8 18. Nd6 Bxd6 19. Bxd6 Nd5 20. b4 Qxa3 21.
Nxd5 cxd5 22. Ra1 Qxa1 23. Rxa1 Rxd6 24. b5 Nb8 25. Qc5 Rde6 26. Qxd5 a6 27.
bxa6 bxa6 28. f3 Bg6 29. Bh3 Rf6 30. Bg2 Rfe6 31. Rb1 Kh7 32. h4 h5 33. Rb7 Nc6
34. f4 Nd8 35. f5 Nxb7 36. fxe6 Re7 37. exf7 Bxf7 38. Qc6 a5 39. e5 a4 40. Be4+
g6 41. Qf6 Rc7 42. e6 Be8 43. Qf8 Bb5 44. e7 Nd6 45. Bd5 Bc4 46. Qg8+ 1-0

[Event "PRO League Group Stage"]
[Site "chess.com INT"]
[Date "2018.02.04"]
[Round "4"]
[White "Stokke, Kjetil"]
[Black "Dek, Lennart"]
[Result "1-0"]
[WhiteTitle "IM"]
[BlackTitle "FM"]
[WhiteElo "2336"]
[BlackElo "2279"]
[WhiteTeam "Oslo Trolls"]
[BlackTeam "Amsterdam Mosquitoes"]
[WhiteFideId "1502964"]
[BlackFideId "1013114"]
[EventDate "2018.01.18"]

1. c4 e5 2. g3 Nf6 3. Bg2 d5 4. cxd5 Nxd5 5. Nc3 Nb6 6. Nf3 Nc6 7. O-O Be7 8.
Rb1 O-O 9. b4 a6 10. a3 Be6 11. d3 Nd5 12. Bb2 Nxc3 13. Bxc3 f6 14. Qc2 Qd7 15.
Qb2 Bd5 16. e4 Bf7 17. d4 exd4 18. Nxd4 Nxd4 19. Bxd4 Bd6 20. Rbd1 Qb5 21. Rfe1
c5 22. Bxf6 gxf6 23. Rxd6 cxb4 24. axb4 Qe5 25. Qxe5 fxe5 26. Rb6 Rab8 27. Rc1
Rfd8 28. Bh3 Rd4 29. Bf5 Bc4 30. Rxc4 1-0